Sports Quiz

Random Sports or NFL Quiz

Team Endings Quiz Stats

 Plays Quiz Updated Dec 24, 2015

Challenge
Share
Tweet
Embed
Score 0/34 Timer 05:00
10 Plays Today
Team Name % Correct
Winnipeg Jets
91.9%
New York Jets
91.5%
New York Mets
79%
Brooklyn Nets
70.6%
St. Louis Cardinals
70.6%
Arizona Cardinals
70.4%
Los Angeles Kings
64.3%
Sacramento Kings
64.3%
Houston Rockets
63.7%
Minnesota Vikings
60.6%
Toronto Raptors
56.4%
New York Knicks
54.4%
Vancouver Canucks
53.1%
Miami Dolphins
52.4%
Milwaukee Bucks
52.3%
Anaheim Ducks
51.8%
Miami Marlins
50.3%
Team Name % Correct
Charlotte Hornets
49.2%
Detroit Red Wings
47.6%
Ottawa Senators
46.1%
Washington Redskins
45.3%
Washington Nationals
42.7%
Cincinnati Bengals
41.3%
Kansas City Royals
38.6%
Boston Bruins
37.4%
Golden State Warriors
37%
Arizona Diamondbacks
33.7%
Dallas Mavericks
33.5%
Minnesota Twins
31.8%
Pittsburgh Penguins
31.6%
Columbus Blue Jackets
30.9%
Denver Nuggets
28.1%
Washington Capitals
27.8%
Nashville Predators
27%

You're not logged in!

Compare scores with friends on all Sporcle quizzes.
OR
Log In

You Might Also Like...

Show Comments

Extras

Top Quizzes Today


Score Distribution

Your Account Isn't Verified!

In order to create a playlist on Sporcle, you need to verify the email address you used during registration. Go to your Sporcle Settings to finish the process.

Report this User

Report this user for behavior that violates our Community Guidelines.

Details: